[Event "IM Pobeskydi 2023"]
[Site "Frydek-Mistek, Czech Republic"]
[Date "2023.04.08"]
[Round "6.2"]
[White "Kucharska, Honorata"]
[Black "Babula, Vlastimil"]
[Result "1-0"]
[WhiteElo "2173"]
[BlackElo "2326"]
[PlyCount "77"]
[EventDate "2023.??.??"]

1. e4 c5 2. Nc3 Nc6 3. Bb5 Nd4 4. Bc4 d6 5. d3 Nf6 6. Bg5 a6 7. Qd2 e6 8. Nge2
Be7 9. a4 Bd7 10. Nxd4 cxd4 11. Bxf6 Bxf6 12. Ne2 Bc6 13. O-O O-O 14. Bb3 d5
15. Ng3 dxe4 16. dxe4 d3 17. cxd3 Qb6 18. Qd1 Bxb2 19. Rb1 Qd4 20. Ne2 Qe5 21.
d4 Qxe4 22. d5 exd5 23. Rxb2 d4 24. f3 Qe3+ 25. Kh1 d3 26. Nc1 b5 27. Qxd3 Qh6
28. a5 Rad8 29. Qc3 Rd6 30. Ne2 Qh4 31. Ng1 Rh6 32. h3 Qg3 33. Rd2 Rf6 34. Rfd1
h5 35. Rd8 Rxd8 36. Rxd8+ Kh7 37. Bc2+ Kh6 38. Rh8+ Kg5 39. Qc5+ 1-0

[Event "IM Pobeskydi 2023"]
[Site "Frydek-Mistek, Czech Republic"]
[Date "2023.04.08"]
[Round "6.3"]
[White "Gnojek, Petr"]
[Black "Klima, Lukas"]
[Result "1/2-1/2"]
[WhiteElo "2331"]
[BlackElo "2338"]
[PlyCount "86"]
[EventDate "2023.??.??"]

1. d4 Nf6 2. c4 g6 3. Nc3 Bg7 4. e4 d6 5. f3 O-O 6. Be3 e5 7. Nge2 c6 8. Qd2
Nbd7 9. d5 cxd5 10. cxd5 a6 11. g4 b5 12. Ng3 Nb6 13. b3 b4 14. Nd1 a5 15. Be2
Bb7 16. O-O Rc8 17. a3 Nfxd5 18. exd5 e4 19. Bd4 Rc2 20. Qxc2 Bxd4+ 21. Nf2
exf3 22. Bc4 Qh4 23. Qe4 Bxa1 24. Rxa1 Qf6 25. Qe1 Nxd5 26. axb4 axb4 27. g5
Qxg5 28. Ra5 Qe3 29. Qxe3 Nxe3 30. Nge4 d5 31. Nf6+ Kg7 32. Nxd5 Bxd5 33. Bxd5
Rc8 34. Nd3 Rc3 35. Nxb4 Nxd5 36. Rxd5 Rxb3 37. Nd3 Ra3 38. Ne5 Ra1+ 39. Kf2
Ra2+ 40. Kg3 Rg2+ 41. Kxf3 Rxh2 42. Rd7 Kf6 43. Nxf7 Ra2 1/2-1/2

[Event "IM Pobeskydi 2023"]
[Site "Frydek-Mistek, Czech Republic"]
[Date "2023.04.08"]
[Round "6.4"]
[White "Lever, Erwan"]
[Black "Lewtak, Damian"]
[Result "1/2-1/2"]
[WhiteElo "2269"]
[BlackElo "2385"]
[PlyCount "111"]
[EventDate "2023.??.??"]

1. d4 Nf6 2. c4 b6 3. f3 c5 4. d5 d6 5. e4 e5 6. Nc3 Be7 7. Be3 Nh5 8. Qd2 h6
9. g3 Bg5 10. f4 exf4 11. gxf4 Bh4+ 12. Kd1 Bg4+ 13. Be2 Bxe2+ 14. Qxe2 g6 15.
Nf3 Bf6 16. e5 Bg7 17. Rg1 dxe5 18. Nxe5 O-O 19. Kc2 Nd7 20. Nc6 Qf6 21. Qg4
Rfe8 22. Rae1 Nf8 23. f5 Qxf5+ 24. Qxf5 gxf5 25. Nb5 f4 26. Bd2 Kh7 27. Nd6
Rxe1 28. Rxe1 Ng6 29. Nf5 Bf6 30. Bc3 a6 31. b4 Nh4 32. Nxh4 Bxh4 33. Re5 Kg6
34. bxc5 bxc5 35. Be1 Bf6 36. Re2 Kf5 37. Bf2 Rg8 38. d6 Ng7 39. Ne7+ Bxe7 40.
Rxe7 Ne6 41. d7 Rd8 42. Rxf7+ Ke5 43. Bh4 Ng5 44. Rh7 Kf5 45. Rxh6 Rxd7 46. Rh5
Kg4 47. Rxg5+ Kxh4 48. Rxc5 f3 49. Rf5 Kg4 50. Rf6 Rh7 51. Kd3 Rxh2 52. Rxa6
Rh1 53. Ke3 Re1+ 54. Kf2 Re2+ 55. Kf1 Rc2 56. a4 1/2-1/2

[Event "IM Pobeskydi 2023"]
[Site "Frydek-Mistek, Czech Republic"]
[Date "2023.04.08"]
[Round "6.5"]
[White "Mayrhuber, Nikola"]
[Black "Marek, Matyas"]
[Result "1/2-1/2"]
[WhiteElo "2128"]
[BlackElo "2331"]
[PlyCount "50"]
[EventDate "2023.??.??"]

1. d4 d5 2. c4 dxc4 3. Nf3 Nf6 4. e3 e6 5. Bxc4 a6 6. O-O c5 7. Be2 Nbd7 8.
Nbd2 cxd4 9. Nxd4 Be7 10. b3 O-O 11. Bb2 Nc5 12. Qc2 Bd7 13. Rac1 Rc8 14. Qb1
b5 15. Rfd1 Qb6 16. N2f3 Rfd8 17. Ne5 Be8 18. Bf3 Bf8 19. h4 Nd5 20. Ne2 f6 21.
Bxd5 exd5 22. Nd3 Bg6 23. Bd4 Qb8 24. Nef4 Bf5 25. Qb2 Nxd3 1/2-1/2

[Event "IM Pobeskydi 2023"]
[Site "Frydek-Mistek, Czech Republic"]
[Date "2023.04.09"]
[Round "7.2"]
[White "Lewtak, Damian"]
[Black "Mayrhuber, Nikola"]
[Result "1-0"]
[WhiteElo "2385"]
[BlackElo "2128"]
[PlyCount "43"]
[EventDate "2023.??.??"]

1. e4 c5 2. Nf3 d6 3. c3 Nf6 4. Be2 Nc6 5. d4 cxd4 6. cxd4 Nxe4 7. d5 Qa5+ 8.
Nc3 Nxc3 9. bxc3 Nb8 10. O-O g6 11. Qd4 f6 12. Rb1 Bg7 13. Bb5+ Kf7 14. Re1 a6
15. Ng5+ Kf8 16. Rxe7 axb5 17. Bf4 Kxe7 18. Qe3+ Be6 19. Qxe6+ Kd8 20. Nf7+ Kc7
21. Bxd6+ Kb6 22. Bb4+ 1-0

[Event "IM Pobeskydi 2023"]
[Site "Frydek-Mistek, Czech Republic"]
[Date "2023.04.09"]
[Round "7.3"]
[White "Klima, Lukas"]
[Black "Lever, Erwan"]
[Result "1/2-1/2"]
[WhiteElo "2338"]
[BlackElo "2269"]
[PlyCount "54"]
[EventDate "2023.??.??"]

1. e4 c5 2. Nf3 e6 3. b3 a6 4. Bb2 Nc6 5. c4 Nf6 6. e5 Ng4 7. h3 Nh6 8. Bd3 g6
9. Nc3 Bg7 10. Ne4 O-O 11. g4 d6 12. Nf6+ Bxf6 13. exf6 e5 14. Be4 Nd4 15. d3
Nxg4 16. Nxd4 Nxf6 17. Nc2 Nxe4 18. dxe4 Qh4 19. Qd3 Be6 20. O-O-O Rfd8 21.
Rdf1 b5 22. f4 bxc4 23. bxc4 Rab8 24. f5 gxf5 25. Rhg1+ Kf8 26. Rxf5 Bxf5 27.
exf5 Qf4+ 1/2-1/2

[Event "IM Pobeskydi 2023"]
[Site "Frydek-Mistek, Czech Republic"]
[Date "2023.04.09"]
[Round "7.4"]
[White "Babula, Vlastimil"]
[Black "Gnojek, Petr"]
[Result "0-1"]
[WhiteElo "2326"]
[BlackElo "2331"]
[PlyCount "90"]
[EventDate "2023.??.??"]

1. e4 c5 2. Nf3 e6 3. d4 cxd4 4. Nxd4 Nc6 5. Nc3 d6 6. Be3 Nf6 7. Bc4 Be7 8.
Bb3 a6 9. Qe2 O-O 10. O-O-O Qc7 11. Rhg1 b5 12. g4 b4 13. Nxc6 Qxc6 14. Nd5
Nxd5 15. exd5 Qb7 16. f4 Re8 17. Qd3 Bf8 18. h4 Bd7 19. dxe6 Bxe6 20. Bxe6 Rxe6
21. f5 Re4 22. Bd4 Qc6 23. h5 Rc8 24. Kb1 d5 25. Rg2 Qh6 26. b3 Qg5 27. h6 Qxh6
28. g5 Qh5 29. Rdg1 Rce8 30. g6 Qxf5 31. gxh7+ Qxh7 32. Qd2 g6 33. Bf6 Bg7 34.
Rh2 Qxh2 35. Qxh2 Re1+ 36. Rxe1 Rxe1+ 37. Kb2 Bxf6+ 38. c3 bxc3+ 39. Kc2 Kg7
40. b4 d4 41. a4 Re3 42. b5 axb5 43. axb5 d3+ 44. Kb3 d2 45. Kc2 Re1 0-1

[Event "IM Pobeskydi 2023"]
[Site "Frydek-Mistek, Czech Republic"]
[Date "2023.04.09"]
[Round "7.5"]
[White "Stevik, Patrik"]
[Black "Kucharska, Honorata"]
[Result "0-1"]
[WhiteElo "2346"]
[BlackElo "2173"]
[PlyCount "104"]
[EventDate "2023.??.??"]

1. d4 Nf6 2. c4 e6 3. Nf3 d5 4. Bg5 Be7 5. e3 O-O 6. Nc3 Nbd7 7. Be2 dxc4 8.
Bxc4 a6 9. a4 c5 10. O-O cxd4 11. exd4 Nb6 12. Ba2 Nbd5 13. Qe2 h6 14. Bh4 Re8
15. Rfe1 Nf4 16. Qd2 Ng6 17. Bg3 Nd5 18. Rac1 Nxc3 19. bxc3 Bd7 20. d5 exd5 21.
Bxd5 Bc6 22. c4 Bf6 23. Red1 Bxa4 24. Qb4 Bxd1 25. Rxd1 Qe7 26. Bd6 Qe2 27. Rb1
Rad8 28. c5 Ne7 29. Bxb7 Nf5 30. Qb6 Nxd6 31. cxd6 Qd3 32. Bxa6 Qxd6 33. Qxd6
Rxd6 34. Bf1 g6 35. g3 Ra8 36. Kg2 Rc8 37. h4 Rc2 38. Rb4 Rb2 39. Rc4 Kg7 40.
Rc7 Bd8 41. Rc1 Bb6 42. Kh3 Rxf2 43. Ne5 Bd4 44. Nd3 Rd2 45. Ne1 Bf6 46. Nf3
Rf2 47. Bg2 h5 48. Rg1 Rd3 49. Nh2 Be5 50. Be4 Ra3 51. Bd5 f5 52. Nf1 Rxf1 0-1

[Event "IM Pobeskydi 2023"]
[Site "Frydek-Mistek, Czech Republic"]
[Date "2023.04.09"]
[Round "8.2"]
[White "Gnojek, Petr"]
[Black "Stevik, Patrik"]
[Result "1/2-1/2"]
[WhiteElo "2331"]
[BlackElo "2346"]
[PlyCount "82"]
[EventDate "2023.??.??"]

1. d4 d6 2. e4 Nf6 3. Bd3 g6 4. Nf3 Bg7 5. O-O O-O 6. Re1 c6 7. h3 Qc7 8. c3 e5
9. a4 Nbd7 10. Nbd2 Rb8 11. b3 Re8 12. Ba3 b5 13. axb5 cxb5 14. Bb4 a6 15. Qc1
Bb7 16. c4 exd4 17. cxb5 Nc5 18. e5 Nfd7 19. exd6 Qb6 20. Bxc5 Nxc5 21. d7 Red8
22. Qc4 Nxd3 23. Qxd3 axb5 24. Re7 Bf6 25. Ree1 Rxd7 26. Ne4 Bxe4 27. Rxe4 Rc8
28. Rd1 Rc3 29. Re8+ Kg7 30. Qe4 Qc6 31. Qxc6 Rxc6 32. Ne5 Bxe5 33. Rxe5 d3 34.
Rxb5 Rc2 35. b4 Rd6 36. Rc5 Re2 37. Rc3 Rf6 38. Rdxd3 Rfxf2 39. Rg3 h5 40. Rcf3
Rxf3 41. Rxf3 Rb2 1/2-1/2

[Event "IM Pobeskydi 2023"]
[Site "Frydek-Mistek, Czech Republic"]
[Date "2023.04.09"]
[Round "8.3"]
[White "Lever, Erwan"]
[Black "Babula, Vlastimil"]
[Result "0-1"]
[WhiteElo "2269"]
[BlackElo "2326"]
[PlyCount "96"]
[EventDate "2023.??.??"]

1. d4 Nf6 2. c4 g6 3. Nc3 Bg7 4. e4 d6 5. Be2 O-O 6. Nf3 e5 7. O-O Nc6 8. d5
Ne7 9. Ne1 Nd7 10. Be3 f5 11. f3 f4 12. Bf2 g5 13. Rc1 Ng6 14. c5 Nxc5 15. b4
Na6 16. Nb5 h5 17. Nxa7 Nxb4 18. Qb3 Na6 19. Nxc8 Qxc8 20. h3 Rf7 21. Nd3 Bf8
22. Rc2 Rg7 23. Rb1 Qd8 24. a4 b6 25. Be1 Kh8 26. Rbc1 Nc5 27. Nxc5 dxc5 28. a5
bxa5 29. Qa4 Nh4 30. Qa1 Bd6 31. Ra2 Rg8 32. Bxa5 Qf8 33. Bc3 Rxa2 34. Qxa2 g4
35. hxg4 hxg4 36. fxg4 Qh6 37. Bf3 Kg7 38. Qb2 Kf6 39. Ra1 Ng6 40. Qb5 Ke7 41.
Ra7 Rh8 42. Qc6 Qh1+ 43. Kf2 Qc1 44. Rxc7+ Kf6 45. Qxd6+ Kg5 46. Qxc5 Rh1 47.
Ke2 Qd1+ 48. Kf2 Qf1# 0-1

[Event "IM Pobeskydi 2023"]
[Site "Frydek-Mistek, Czech Republic"]
[Date "2023.04.10"]
[Round "9.3"]
[White "Babula, Vlastimil"]
[Black "Mayrhuber, Nikola"]
[Result "1-0"]
[WhiteElo "2326"]
[BlackElo "2128"]
[PlyCount "61"]
[EventDate "2023.??.??"]

1. e4 c5 2. Nf3 d6 3. d4 cxd4 4. Nxd4 Nf6 5. Nc3 a6 6. h3 e5 7. Nde2 h5 8. Bg5
Be7 9. Bxf6 Bxf6 10. Nd5 O-O 11. Nec3 h4 12. Bc4 b5 13. Bb3 Nd7 14. a4 Rb8 15.
axb5 axb5 16. Nb4 Qb6 17. Ncd5 Qc5 18. c3 Bd8 19. O-O Nb6 20. Nxb6 Bxb6 21. Qh5
Bd8 22. Rae1 Rb7 23. Bd5 Rb6 24. Kh1 Be6 25. f4 Bf6 26. f5 Bd7 27. g4 hxg3 28.
Rf3 Bc8 29. Rg1 Bb7 30. Rfxg3 Qf2 31. Qh6 1-0

[Event "IM Pobeskydi 2023"]
[Site "Frydek-Mistek, Czech Republic"]
[Date "2023.04.10"]
[Round "9.4"]
[White "Stevik, Patrik"]
[Black "Lever, Erwan"]
[Result "0-1"]
[WhiteElo "2346"]
[BlackElo "2269"]
[PlyCount "62"]
[EventDate "2023.??.??"]

1. Nf3 Nf6 2. g3 e6 3. c4 d5 4. Bg2 d4 5. d3 c5 6. O-O Nc6 7. Na3 Bd6 8. e3 O-O
9. Re1 e5 10. exd4 exd4 11. h3 h6 12. Nc2 a5 13. Na3 Re8 14. Rxe8+ Qxe8 15. Nb5
Bb8 16. b3 Ra6 17. Qd2 Bf5 18. Nh4 Bh7 19. Ba3 Nb4 20. Bxb4 axb4 21. Bxb7 Re6
22. Ng2 Bf5 23. g4 Re2 24. Qd1 Bxg4 25. hxg4 Nxg4 26. Be4 Bh2+ 27. Kf1 Rxf2+
28. Ke1 Rxg2 29. Qf3 Ne3 30. Qxe3 dxe3 31. Bxg2 Qe5 0-1